000 00727cam a22002533a 4500
001 2417
003 PGUSA
005 20140828083014.0
008 001201s2000||||xxu|||||s|||||000 1 eng d
040 _aPGUSA
_beng
042 _adc
050 4 _aPR
100 1 _aWilliams, Valentine,
_d1883-1946
245 1 0 _aOkewood of the Secret Service
_h[electronic resource] /
_cValentine Williams
260 _bProject Gutenberg,
_c2000
506 _aPublic domain in the USA.
516 _aElectronic text
653 _aWar stories
653 _aWorld War, 1914-1918 -- Secret service -- Fiction
653 _aSpy stories
830 0 _aProject Gutenberg
_v2417
856 4 0 _uhttp://www.gutenberg.org/ebooks/2417
942 _cEB
999 _c231754
_d231754